[Event "13. Festival Ciudad de Lorca 2024 - A"]
[White "Valdepenas Octavio, Javier"]
[Black "Mitul, K H"]
[Site "Lorca ESP"]
[Round "4.14"]
[Result "1-0"]
[Date "2024.12.28"]
[WhiteElo "2145"]
[BlackElo "1834"]
[PlyCount "75"]
[GameId "2132923604214174"]
[EventDate "2024.12.26"]
[EventCountry "ESP"]
[SourceTitle "Ajedrez en Madrid"]
[Source "lmi"]
[SourceDate "2024.12.26"]
[SourceVersion "1"]
[SourceVersionDate "2025.01.11"]
[SourceQuality "1"]

1. e4 e5 2. Nf3 Nc6 3. Bb5 a6 4. Ba4 Nf6 5. O-O Be7 6. d3 b5 7. Bb3 d6 8. a3 O-O 9. Nc3 Na5 10. Ba2 c5 11. b4 cxb4 12. axb4 Nc6 13. Nd5 Nxd5 14. Bxd5 Bb7 15. Bd2 Qd7 16. h3 Nd8 17. c4 Kh8 18. Qe2 f5 19. d4 exd4 20. Nxd4 Bf6 21. Nxf5 bxc4 22. Qxc4 Bxa1 23. Rxa1 Rb8 24. Qb3 Bxd5 25. Qxd5 Qc6 26. Qd3 d5 27. Qg3 Qc7 28. Bf4 Qd7 29. Be5 Ne6 30. Rd1 d4 31. Rxd4 Qb7 32. Rd6 Rbe8 33. Rxe6 Rxe6 34. Bxg7+ Kg8 35. Nh6+ Rxh6 36. Bxh6+ Kh8 37. Bxf8 a5 38. Qg7+ 1-0

[Event "13. Festival Ciudad de Lorca 2024 - A"]
[White "Atharva, Kale"]
[Black "Pogorelov, Ruslan"]
[Site "Lorca ESP"]
[Round "4.15"]
[Result "0-1"]
[Date "2024.12.28"]
[WhiteElo "1866"]
[BlackElo "2282"]
[PlyCount "128"]
[GameId "2132923604218271"]
[EventDate "2024.12.26"]
[EventCountry "ESP"]
[SourceTitle "Ajedrez en Madrid"]
[Source "lmi"]
[SourceDate "2024.12.26"]
[SourceVersion "1"]
[SourceVersionDate "2025.01.11"]
[SourceQuality "1"]

1. e4 c6 2. d4 d5 3. exd5 cxd5 4. Bd3 Nc6 5. c3 Qc7 6. Ne2 Bg4 7. O-O e6 8. Qe1 Bd6 9. f3 Bh5 10. Qh4 Bg6 11. Bxg6 fxg6 12. Bf4 Nf6 13. Qg3 Nh5 14. Bxd6 Nxg3 15. Bxc7 Nxe2+ 16. Kf2 Kd7 17. Bg3 Nxg3 18. hxg3 b5 19. Nd2 b4 20. Rfc1 Kd6 21. Nb3 Rhe8 22. Ke3 Re7 23. cxb4 Nxb4 24. Rc3 Rb8 25. a3 Nc6 26. Rac1 Rb6 27. f4 g5 28. Kf2 gxf4 29. gxf4 g5 30. g3 gxf4 31. gxf4 Rg7 32. Nc5 Ne7 33. Na4 Rb8 34. Kf3 Rbg8 35. Rc7 Rg3+ 36. Kf2 Rg2+ 37. Kf1 Rg1+ 38. Kf2 R1g2+ 39. Kf1 Rg1+ 40. Kf2 Rxc1 41. Rxc1 Nf5 42. Rd1 Rg7 43. Kf3 Rg3+ 44. Kf2 h5 45. Rh1 Rg4 46. Rxh5 Rxf4+ 47. Ke1 Nxd4 48. Nc3 a6 49. Rh6 Nb5 50. Ne2 Ra4 51. Kd2 Nd4 52. Nc3 Nf3+ 53. Kd3 Rg4 54. b4 Ne5+ 55. Kc2 Rg2+ 56. Kb3 Rg3 57. Kc2 Nc4 58. a4 Rg2+ 59. Kc1 d4 60. Ne4+ Kd5 61. Nf6+ Kc6 62. Nh5 d3 63. Rxe6+ Kd7 64. Kb1 Rg1+ 0-1

[Event "13. Festival Ciudad de Lorca 2024 - A"]
[White "Luch, Michal"]
[Black "Bryant, Harry"]
[Site "Lorca ESP"]
[Round "4.16"]
[Result "1-0"]
[Date "2024.12.28"]
[WhiteElo "2329"]
[BlackElo "1971"]
[PlyCount "87"]
[GameId "2132923604218272"]
[EventDate "2024.12.26"]
[EventCountry "ESP"]
[SourceTitle "Ajedrez en Madrid"]
[Source "lmi"]
[SourceDate "2024.12.26"]
[SourceVersion "1"]
[SourceVersionDate "2025.01.11"]
[SourceQuality "1"]

1. d4 Nf6 2. Nf3 g6 3. g3 Bg7 4. Bg2 O-O 5. O-O d6 6. c4 c5 7. Nc3 Nc6 8. d5 Na5 9. Nd2 e6 10. Qc2 exd5 11. Nxd5 Nxd5 12. Bxd5 Be6 13. Bxe6 fxe6 14. Ne4 Qc7 15. Bf4 e5 16. Bd2 Nc6 17. e3 Qd7 18. Rad1 Qf5 19. f3 Rad8 20. Bc3 Rd7 21. Qe2 Qe6 22. Qd3 Rfd8 23. Ng5 Qe7 24. Qd5+ Kh8 25. Ne6 Re8 26. Nxc5 Rdd8 27. Ne4 Qf8 28. Nxd6 Ne7 29. Nf7+ Kg8 30. Qxd8 Qxf7 31. Qc7 Nf5 32. Qxf7+ Kxf7 33. Rd7+ Ke6 34. Rxb7 Bh6 35. f4 Nxe3 36. Re1 exf4 37. Rxh7 Bg5 38. gxf4 Bxf4 39. Bd4 Kf5 40. Rf7+ Ke4 41. Rxf4+ Kxf4 42. Bxe3+ Rxe3 43. Rxe3 Kxe3 44. c5 1-0

[Event "13. Festival Ciudad de Lorca 2024 - A"]
[White "Lazars, Krisjanis"]
[Black "Piedra Salabarria, Ernesto"]
[Site "Lorca ESP"]
[Round "4.17"]
[Result "0-1"]
[Date "2024.12.28"]
[WhiteElo "1858"]
[BlackElo "2272"]
[PlyCount "100"]
[GameId "2132923604218273"]
[EventDate "2024.12.26"]
[EventCountry "ESP"]
[SourceTitle "Ajedrez en Madrid"]
[Source "lmi"]
[SourceDate "2024.12.26"]
[SourceVersion "1"]
[SourceVersionDate "2025.01.11"]
[SourceQuality "1"]

1. e4 c5 2. Nf3 Nc6 3. Bb5 g6 4. O-O Bg7 5. c3 e5 6. Na3 a6 7. Bxc6 dxc6 8. Nc2 Ne7 9. d3 O-O 10. Be3 b6 11. Qe2 a5 12. Rfd1 Ba6 13. Qd2 Qc7 14. d4 Rfd8 15. Qe1 cxd4 16. cxd4 exd4 17. Bxd4 Bxd4 18. Ncxd4 c5 19. Nc2 Qf4 20. e5 Bd3 21. Ne3 Nc6 22. Qc3 Be4 23. Qc4 g5 24. Nxg5 Nd4 25. Nxe4 Qxe4 26. Re1 Qxe5 27. Ng4 Qg7 28. h3 h5 29. Ne5 Re8 30. f4 Re6 31. Kh1 Rae8 32. Rf1 Kh8 33. Qd3 Kg8 34. Qc4 Nf5 35. Rfe1 Kh8 36. Qd3 Qh7 37. Qd7 Kg8 38. Rad1 Nd4 39. Rd3 h4 40. Kh2 f6 41. Qd5 Qf5 42. Rde3 Kh7 43. Qb7+ R8e7 44. Nd7 Rxe3 45. Rxe3 Qxf4+ 46. Kh1 Qxe3 47. Nxf6+ Kg6 48. Qc8 Qe1+ 49. Kh2 Qg3+ 50. Kh1 Re1# 0-1

[Event "13. Festival Ciudad de Lorca 2024 - A"]
[White "Paikens, Reinis"]
[Black "Alonso Garuti, Luis Eugenio"]
[Site "Lorca ESP"]
[Round "4.18"]
[Result "1-0"]
[Date "2024.12.28"]
[WhiteElo "2166"]
[BlackElo "1863"]
[PlyCount "85"]
[GameId "2132923604218274"]
[EventDate "2024.12.26"]
[EventCountry "ESP"]
[SourceTitle "Ajedrez en Madrid"]
[Source "lmi"]
[SourceDate "2024.12.26"]
[SourceVersion "1"]
[SourceVersionDate "2025.01.11"]
[SourceQuality "1"]

1. c4 e5 2. g3 Bc5 3. Bg2 f5 4. e3 Qf6 5. Nc3 c6 6. Nge2 d6 7. h4 Nh6 8. b3 a5 9. d4 Ba7 10. Ba3 Na6 11. dxe5 dxe5 12. Qd6 Qxd6 13. Bxd6 Nf7 14. Ba3 Nb4 15. O-O-O Bd7 16. Rd2 O-O-O 17. Na4 Be6 18. Rhd1 Rxd2 19. Rxd2 Rd8 20. Bxb4 axb4 21. Nb2 Rxd2 22. Kxd2 Kc7 23. Nd3 c5 24. e4 g6 25. f4 Kd6 26. exf5 Bxf5 27. Bxb7 Bxd3 28. Kxd3 exf4 29. gxf4 Ke7 30. Ng3 Bb8 31. Ne4 Bxf4 32. Nxc5 g5 33. hxg5 Nxg5 34. Na6 Ne6 35. Nxb4 Bg3 36. Nd5+ Kd6 37. b4 h5 38. c5+ Kd7 39. Nf6+ Kc7 40. Nxh5 Nf4+ 41. Nxf4 Bxf4 42. Bg2 Bc1 43. a4 1-0

[Event "13. Festival Ciudad de Lorca 2024 - A"]
[White "Adarsh, D."]
[Black "Bercaru, Vlad Ionut"]
[Site "Lorca ESP"]
[Round "4.19"]
[Result "1/2-1/2"]
[Date "2024.12.28"]
[WhiteElo "1987"]
[BlackElo "2065"]
[PlyCount "30"]
[GameId "2132923604218275"]
[EventDate "2024.12.26"]
[EventCountry "ESP"]
[SourceTitle "Ajedrez en Madrid"]
[Source "lmi"]
[SourceDate "2024.12.26"]
[SourceVersion "1"]
[SourceVersionDate "2025.01.11"]
[SourceQuality "1"]

1. e4 c6 2. d4 d5 3. Nc3 dxe4 4. Nxe4 Nf6 5. Nxf6+ exf6 6. Bf4 Bd6 7. Qd2 O-O 8. O-O-O Be6 9. Kb1 a5 10. Ne2 Na6 11. Bxd6 Qxd6 12. Nc3 Rfd8 13. Bxa6 Rxa6 14. Ne4 Qd5 15. Nc3 Qd6 1/2-1/2

[Event "13. Festival Ciudad de Lorca 2024 - A"]
[White "Asensio Linan, Teodoro"]
[Black "Picazo Gonzalez, Alejandro"]
[Site "Lorca ESP"]
[Round "4.20"]
[Result "0-1"]
[Date "2024.12.28"]
[WhiteElo "2052"]
[BlackElo "1956"]
[PlyCount "104"]
[GameId "2132923604218276"]
[EventDate "2024.12.26"]
[EventCountry "ESP"]
[SourceTitle "Ajedrez en Madrid"]
[Source "lmi"]
[SourceDate "2024.12.26"]
[SourceVersion "1"]
[SourceVersionDate "2025.01.11"]
[SourceQuality "1"]

1. e4 e6 2. d3 d5 3. Nd2 dxe4 4. dxe4 Nf6 5. Ngf3 Be7 6. Bb5+ Bd7 7. Qe2 Nc6 8. a4 a6 9. Bc4 Bc5 10. O-O Ng4 11. Nb3 Ba7 12. Bg5 f6 13. Bd2 Nge5 14. Bc3 Nxc4 15. Qxc4 e5 16. Nc5 Bxc5 17. Qxc5 Qe7 18. Qxe7+ Kxe7 19. a5 Rhd8 20. h3 Be8 21. Rfe1 Rd7 22. Nd2 Nd4 23. Rac1 Rad8 24. Nc4 Bf7 25. Ne3 g6 26. Bb4+ Ke8 27. Ng4 Rd6 28. Bxd6 Rxd6 29. b4 Bc4 30. Kh2 Ne2 31. Rcd1 Rc6 32. Rd2 Nc3 33. f3 Ke7 34. Ne3 Be6 35. Nd5+ Bxd5 36. exd5 Rc4 37. Re3 Kd6 38. f4 e4 39. h4 f5 40. h5 Nxd5 41. hxg6 hxg6 42. Rg3 Rxb4 43. c3 Rc4 44. Rxg6+ Kc5 45. Rg5 e3 46. Rb2 Rxf4 47. g3 Re4 48. Re2 Nxc3 49. Rxf5+ Kd4 50. Re1 Kd3 51. Kg2 Kd2 52. Kf1 e2+ 0-1

[Event "13. Festival Ciudad de Lorca 2024 - A"]
[White "Boricha, Yohan"]
[Black "Beneyto De Ramon, Guillermo"]
[Site "Lorca ESP"]
[Round "4.21"]
[Result "1-0"]
[Date "2024.12.28"]
[WhiteElo "1888"]
[BlackElo "2034"]
[PlyCount "112"]
[GameId "2132923604218277"]
[EventDate "2024.12.26"]
[EventCountry "ESP"]
[SourceTitle "Ajedrez en Madrid"]
[Source "lmi"]
[SourceDate "2024.12.26"]
[SourceVersion "1"]
[SourceVersionDate "2025.01.11"]
[SourceQuality "1"]

1. d4 Nf6 2. c4 c5 3. d5 b5 4. cxb5 a6 5. bxa6 d6 6. Nc3 Bxa6 7. e4 Bxf1 8. Kxf1 g6 9. Nf3 Bg7 10. g3 Nbd7 11. Kg2 O-O 12. Qe2 Qb6 13. a4 Rfb8 14. Nb5 Ne8 15. Bg5 h6 16. Bxe7 Rb7 17. Nd2 Ne5 18. f4 Rxe7 19. fxe5 Bxe5 20. Nc4 Qa6 21. Rae1 Bg7 22. b3 Rd8 23. Qf3 Nc7 24. e5 Nxb5 25. axb5 Qxb5 26. exd6 Rb7 27. Re7 f6 28. Ra1 Qxb3 29. Na5 Qb2+ 30. Re2 Qb6 31. Nxb7 Qxb7 32. Rae1 Rxd6 33. Re7 Qxd5 34. Qxd5+ Rxd5 35. Re8+ Kh7 36. R1e7 g5 37. Rc8 g4 38. Rcc7 Rg5 39. Kf2 h5 40. Ke3 Kh6 41. Ke4 Rg6 42. Kf5 Rg5+ 43. Ke6 f5 44. Rf7 Bd4 45. Rxf5 Rg6+ 46. Kd5 Bg1 47. Ke4 Bxh2 48. Rcxc5 Bxg3 49. Rxh5+ Kg7 50. Rb5 Bf2 51. Rb7+ Kg8 52. Rb8+ Kg7 53. Rb7+ Kf6 54. Rf5+ Ke6 55. Ra5 Bg3 56. Ra6+ Bd6 1-0

[Event "13. Festival Ciudad de Lorca 2024 - A"]
[White "Patil, Rushad"]
[Black "Yu, Zechen"]
[Site "Lorca ESP"]
[Round "4.22"]
[Result "0-1"]
[Date "2024.12.28"]
[WhiteElo "1782"]
[BlackElo "2003"]
[PlyCount "144"]
[GameId "2132923604222374"]
[EventDate "2024.12.26"]
[EventCountry "ESP"]
[SourceTitle "Ajedrez en Madrid"]
[Source "lmi"]
[SourceDate "2024.12.26"]
[SourceVersion "1"]
[SourceVersionDate "2025.01.11"]
[SourceQuality "1"]

1. d4 d5 2. c4 e6 3. Nc3 Nf6 4. Bf4 a6 5. e3 Be7 6. h3 O-O 7. Nf3 Nbd7 8. Rc1 dxc4 9. Bxc4 b5 10. Bd3 Bb7 11. O-O c5 12. Be2 Qb6 13. Ne5 Rfd8 14. Bf3 Nxe5 15. Bxe5 Nd7 16. dxc5 Bxc5 17. Bxb7 Qxb7 18. Bg3 Nb6 19. Qe2 Rac8 20. Rfd1 Rxd1+ 21. Rxd1 b4 22. Nb1 Be7 23. Qd3 h6 24. Nd2 Rd8 25. Qc2 Rc8 26. Qb3 a5 27. a3 a4 28. Qa2 b3 29. Qb1 Rc2 30. Be5 f6 31. Bd4 e5 32. Bxb6 Qxb6 33. Ne4 Qc6 34. Ng3 g6 35. Nf1 Qc4 36. Rd2 Rxd2 37. Qxg6+ Kf8 38. Qxh6+ Ke8 39. Qg6+ Kd7 40. Qf5+ Kc7 41. Nxd2 Qc1+ 42. Nf1 Qxb2 43. Qe4 Qxa3 44. Qc4+ Qc5 45. Qxa4 b2 46. Qa2 Qc1 47. Qa7+ Kd6 48. Qb6+ Kd7 49. Qb5+ Kc7 50. Qa5+ Kc6 51. Qa6+ Kc5 52. Qa5+ Kc4 53. Qa6+ Kb3 54. Qe6+ Kc3 55. Qc6+ Kd3 56. Qd5+ Kc3 57. Qc6+ Kb4 58. Qb7+ Kc4 59. Qa6+ Kd5 60. Qb5+ Bc5 61. Qd7+ Kc4 62. Qa4+ Bb4 63. Qc6+ Kb3 64. Qd5+ Qc4 65. Qd1+ Qc2 66. Qd5+ Ka3 67. Qa8+ Qa4 68. Qe4 Ka2 69. Qc4+ Ka1 70. Nd2 Qd1+ 71. Kh2 Qxd2 72. Qa6+ Ba5 0-1

[Event "13. Festival Ciudad de Lorca 2024 - A"]
[White "Medhvansh, Madeti"]
[Black "Ramos Saavedra, Mario"]
[Site "Lorca ESP"]
[Round "4.23"]
[Result "1-0"]
[Date "2024.12.28"]
[WhiteElo "1879"]
[BlackElo "1983"]
[PlyCount "72"]
[GameId "2132923604222375"]
[EventDate "2024.12.26"]
[EventCountry "ESP"]
[SourceTitle "Ajedrez en Madrid"]
[Source "lmi"]
[SourceDate "2024.12.26"]
[SourceVersion "1"]
[SourceVersionDate "2025.01.11"]
[SourceQuality "1"]

1. e4 c5 2. Nf3 d6 3. d4 cxd4 4. Nxd4 Nf6 5. Nc3 g6 6. Be3 Bg7 7. f3 O-O 8. Qd2 Nc6 9. O-O-O d5 10. exd5 Nxd5 11. Nxc6 bxc6 12. Bd4 Bxd4 13. Qxd4 Qb6 14. Na4 Qa5 15. b3 Qc7 16. h4 h5 17. Bc4 Qf4+ 18. Qxf4 Nxf4 19. g3 Ne6 20. Rhe1 Re8 21. Re5 Nf8 22. Nc5 a5 23. g4 hxg4 24. fxg4 Bxg4 25. Rg1 Bc8 26. h5 e6 27. hxg6 Nxg6 28. Bd3 Kf8 29. Bxg6 fxg6 30. Rxg6 Kf7 31. Reg5 e5 32. Ne4 Re6 33. Rg7+ Ke8 34. Rg8+ Kd7 35. Nc5+ Kd6 36. Nxe6 Kxe6 1-0

[Event "13. Festival Ciudad de Lorca 2024 - A"]
[White "Bartakke, Aditya"]
[Black "Maklakova, Nellija"]
[Site "Lorca ESP"]
[Round "4.24"]
[Result "1-0"]
[Date "2024.12.28"]
[WhiteElo "1957"]
[BlackElo "1885"]
[PlyCount "23"]
[GameId "2132923604222376"]
[EventDate "2024.12.26"]
[EventCountry "ESP"]
[SourceTitle "Ajedrez en Madrid"]
[Source "lmi"]
[SourceDate "2024.12.26"]
[SourceVersion "1"]
[SourceVersionDate "2025.01.11"]
[SourceQuality "1"]

1. e4 e6 2. d4 d5 3. e5 c5 4. c3 Nc6 5. Nf3 Bd7 6. Be2 Qb6 7. O-O a5 8. Na3 cxd4 9. cxd4 Nge7 10. Nb5 Nxe5 11. Nxe5 Bxb5 12. Qb3 1-0

[Event "13. Festival Ciudad de Lorca 2024 - A"]
[White "Perez Fernandez, Arys"]
[Black "Velasco Garcia, Jorge Juan"]
[Site "Lorca ESP"]
[Round "4.26"]
[Result "0-1"]
[Date "2024.12.28"]
[WhiteElo "1574"]
[BlackElo "1938"]
[PlyCount "66"]
[GameId "2132923604222378"]
[EventDate "2024.12.26"]
[EventCountry "ESP"]
[SourceTitle "Ajedrez en Madrid"]
[Source "lmi"]
[SourceDate "2024.12.26"]
[SourceVersion "1"]
[SourceVersionDate "2025.01.11"]
[SourceQuality "1"]

1. e4 Nf6 2. e5 Nd5 3. d4 d6 4. c4 Nb6 5. exd6 exd6 6. Nc3 Nc6 7. Nf3 Bg4 8. Be3 d5 9. c5 Nc8 10. h3 Bxf3 11. Qxf3 N6e7 12. Bd3 c6 13. O-O Ng6 14. Rfe1 Be7 15. Bg5 O-O 16. Bxe7 Ncxe7 17. Kh2 Qc7+ 18. g3 Rae8 19. Kg2 f5 20. Qe2 f4 21. Qe6+ Kh8 22. Bxg6 hxg6 23. Qg4 fxg3 24. fxg3 Rf6 25. Re6 Ref8 26. Rxf6 Rxf6 27. Re1 Nf5 28. Re8+ Kh7 29. Ne2 Qf7 30. Re5 Nh6 31. Qg5 Rf2+ 32. Kh1 Qf3+ 33. Kg1 Qg2# 0-1

[Event "13. Festival Ciudad de Lorca 2024 - A"]
[White "Mendez Gimenez, Nestor Emmanuel"]
[Black "Kong, Lingzhijie"]
[Site "Lorca ESP"]
[Round "4.27"]
[Result "1/2-1/2"]
[Date "2024.12.28"]
[WhiteElo "1893"]
[BlackElo "1816"]
[PlyCount "93"]
[GameId "2132923604222379"]
[EventDate "2024.12.26"]
[EventCountry "ESP"]
[SourceTitle "Ajedrez en Madrid"]
[Source "lmi"]
[SourceDate "2024.12.26"]
[SourceVersion "1"]
[SourceVersionDate "2025.01.11"]
[SourceQuality "1"]

1. e4 c5 2. Nf3 d6 3. d4 cxd4 4. Nxd4 Nf6 5. Nc3 a6 6. Bg5 e6 7. f4 Be7 8. Qf3 Qc7 9. O-O-O Nbd7 10. g4 b5 11. Bxf6 Nxf6 12. g5 Nd7 13. f5 Bxg5+ 14. Kb1 Ne5 15. Qh5 h6 16. fxe6 O-O 17. Nd5 Qd8 18. h4 Bf6 19. Bh3 fxe6 20. Bxe6+ Kh8 21. Bxc8 Rxc8 22. Nf5 Qd7 23. Rdf1 Nc4 24. Nxh6 gxh6 25. Qxh6+ Qh7 26. Rxf6 Qxh6 27. Rxh6+ Kg7 28. Re6 Nd2+ 29. Kc1 Rf2 30. Ne3 Re2 31. h5 Kf7 32. Rg6 Nf3 33. Rf1 Rxe3 34. Rg3 Re1+ 35. Rxe1 Nxe1 36. c3 Rg8 37. Rxg8 Kxg8 38. Kd2 Ng2 39. Kd3 Nf4+ 40. Kd4 a5 41. e5 dxe5+ 42. Kxe5 Nd3+ 43. Kd4 Nxb2 44. Kc5 Na4+ 45. Kxb5 Nxc3+ 46. Kxa5 Nxa2 47. h6 1/2-1/2

[Event "13. Festival Ciudad de Lorca 2024 - A"]
[White "Escudero Ribo, Eloi"]
[Black "Jansone, Melanija Luize"]
[Site "Lorca ESP"]
[Round "4.28"]
[Result "1-0"]
[Date "2024.12.28"]
[WhiteElo "1903"]
[BlackElo "1885"]
[PlyCount "59"]
[GameId "2132923604222380"]
[EventDate "2024.12.26"]
[EventCountry "ESP"]
[SourceTitle "Ajedrez en Madrid"]
[Source "lmi"]
[SourceDate "2024.12.26"]
[SourceVersion "1"]
[SourceVersionDate "2025.01.11"]
[SourceQuality "1"]

1. Nf3 Nf6 2. c4 c5 3. g3 g6 4. Bg2 Bg7 5. Nc3 Nc6 6. O-O O-O 7. d4 cxd4 8. Nxd4 Nxd4 9. Qxd4 d6 10. Qd2 a6 11. b3 Rb8 12. Bb2 Be6 13. Rac1 b5 14. Nd5 Bxd5 15. cxd5 b4 16. Rc6 a5 17. Rfc1 Nd7 18. Bxg7 Kxg7 19. e4 Kg8 20. Qd4 Nc5 21. e5 Re8 22. Re1 Nb7 23. e6 f6 24. h4 Nc5 25. h5 Kg7 26. Qh4 Rb6 27. g4 Rxc6 28. dxc6 Qb6 29. g5 fxg5 30. h6+ 1-0

[Event "13. Festival Ciudad de Lorca 2024 - A"]
[White "Ilinca Ilinca, Filip Antonio"]
[Black "Vaddhireddy, Sai"]
[Site "Lorca ESP"]
[Round "4.29"]
[Result "1/2-1/2"]
[Date "2024.12.28"]
[WhiteElo "1790"]
[BlackElo "1962"]
[PlyCount "150"]
[GameId "2132923604226477"]
[EventDate "2024.12.26"]
[EventCountry "ESP"]
[SourceTitle "Ajedrez en Madrid"]
[Source "lmi"]
[SourceDate "2024.12.26"]
[SourceVersion "1"]
[SourceVersionDate "2025.01.11"]
[SourceQuality "1"]

1. d4 d5 2. c4 c6 3. Nc3 Nf6 4. b3 Bf5 5. Nf3 h6 6. a3 e6 7. g3 Nbd7 8. Bg2 Qa5 9. Bd2 Qc7 10. O-O Be7 11. Bc1 O-O 12. Nd2 Rad8 13. e4 dxe4 14. Ncxe4 e5 15. Nxf6+ Nxf6 16. dxe5 Qxe5 17. Ra2 Qd6 18. Re1 Rd7 19. Qe2 Bd8 20. Nf3 Re8 21. Qd2 Rxe1+ 22. Nxe1 Qe5 23. Qe2 Qxe2 24. Rxe2 Rd1 25. Bb2 Bd3 26. Re3 Bb6 27. Rxd3 Rxe1+ 28. Bf1 Ng4 29. Bd4 Bxd4 30. Rxd4 Nxh2 31. Kxh2 Rxf1 32. Kg2 Rb1 33. Rd3 a5 34. a4 Kf8 35. f4 Ke7 36. Kf3 Re1 37. Kf2 Re6 38. Kf3 Rd6 39. Re3+ Kd7 40. Kf2 Re6 41. Rd3+ Kc7 42. c5 Re7 43. Rc3 Kd7 44. Rd3+ Ke8 45. Rd4 f6 46. b4 axb4 47. Rxb4 g5 48. a5 Rd7 49. Rb6 Rd2+ 50. Ke3 Ra2 51. Rxb7 Rxa5 52. Rh7 Rxc5 53. Rxh6 Kf7 54. Rh8 Rc3+ 55. Kf2 g4 56. Rc8 Ke6 57. Re8+ Kf5 58. Rc8 c5 59. Rc6 c4 60. Rc5+ Ke4 61. Rc6 Rc2+ 62. Ke1 Kf3 63. Rxf6 Kxg3 64. f5 Kf3 65. Rg6 c3 66. Kd1 Rd2+ 67. Kc1 Ra2 68. f6 Ra8 69. Kc2 g3 70. Kxc3 Rf8 71. Kd4 Kf4 72. Kd5 Kf5 73. Rxg3 Rxf6 74. Rf3+ Kg5 75. Rxf6 Kxf6 1/2-1/2

[Event "13. Festival Ciudad de Lorca 2024 - A"]
[White "Vignesh, N R"]
[Black "Li, Di"]
[Site "Lorca ESP"]
[Round "5.1"]
[Result "1/2-1/2"]
[Date "2024.12.28"]
[WhiteElo "2523"]
[BlackElo "2552"]
[PlyCount "61"]
[GameId "2129354996666787"]
[EventDate "2024.12.26"]
[EventCountry "ESP"]
[SourceTitle "Ajedrez en Madrid"]
[Source "lmi"]
[SourceDate "2024.12.26"]
[SourceVersion "1"]
[SourceVersionDate "2025.01.11"]
[SourceQuality "1"]

1. e4 e5 2. Nf3 Nc6 3. Bb5 Nf6 4. O-O Nxe4 5. Re1 Nd6 6. Nxe5 Be7 7. Bf1 Nxe5 8. Rxe5 O-O 9. d4 Bf6 10. Re1 Re8 11. Bf4 Rxe1 12. Qxe1 Ne8 13. c3 d5 14. Bd3 g6 15. Nd2 Ng7 16. Nf3 Bf5 17. Bxf5 Nxf5 18. Be5 c6 19. h3 Ng7 20. Qd2 Ne6 21. Re1 Bxe5 22. Nxe5 Qg5 23. Qxg5 Nxg5 24. h4 Ne4 25. f3 Nd6 26. Kf2 Re8 27. g4 f6 28. Nd3 Rxe1 29. Kxe1 Kf7 30. Kf2 Nc4 31. Ke2 1/2-1/2

[Event "13. Festival Ciudad de Lorca 2024 - A"]
[White "Narciso Dublan, Marc"]
[Black "Xu, Minghui"]
[Site "Lorca ESP"]
[Round "5.2"]
[Result "1-0"]
[Date "2024.12.28"]
[WhiteElo "2373"]
[BlackElo "2405"]
[PlyCount "57"]
[GameId "2129355053023668"]
[EventDate "2024.12.26"]
[EventCountry "ESP"]
[SourceTitle "Ajedrez en Madrid"]
[Source "lmi"]
[SourceDate "2024.12.26"]
[SourceVersion "1"]
[SourceVersionDate "2025.01.11"]
[SourceQuality "1"]

1. d4 d5 2. Nf3 Nf6 3. e3 c5 4. dxc5 Qa5+ 5. Nbd2 Qxc5 6. a3 g6 7. c4 Bg7 8. b4 Qb6 9. Bb2 O-O 10. Be2 Nc6 11. O-O Rd8 12. Qb3 e6 13. c5 Qc7 14. b5 Na5 15. Qb4 Nd7 16. Bxg7 Kxg7 17. Rac1 b6 18. cxb6 Qxb6 19. Nd4 Bb7 20. N2f3 Nf6 21. Ne5 Nd7 22. Nec6 Bxc6 23. bxc6 Nf6 24. Nxe6+ fxe6 25. Qe7+ Kh6 26. Qxf6 Nxc6 27. Qf4+ Kg7 28. Rb1 Qc5 29. Rfc1 1-0

[Event "13. Festival Ciudad de Lorca 2024 - A"]
[White "Filgueiras, Nathan Felipe"]
[Black "Ilinca, Felix-Antonio"]
[Site "Lorca ESP"]
[Round "5.3"]
[Result "1-0"]
[Date "2024.12.28"]
[WhiteElo "2328"]
[BlackElo "2450"]
[PlyCount "53"]
[GameId "2129355214074313"]
[EventDate "2024.12.26"]
[EventCountry "ESP"]
[SourceTitle "Ajedrez en Madrid"]
[Source "lmi"]
[SourceDate "2024.12.26"]
[SourceVersion "1"]
[SourceVersionDate "2025.01.11"]
[SourceQuality "1"]

1. e4 c5 2. Nf3 d6 3. d4 cxd4 4. Nxd4 Nf6 5. Nc3 Nc6 6. Nb3 g6 7. Bg5 Bg7 8. Qd2 O-O 9. O-O-O a5 10. a4 Be6 11. f3 Rc8 12. Kb1 Nb4 13. Nd4 d5 14. Qe1 Qb6 15. Nxe6 fxe6 16. e5 Nd7 17. Be3 Qc7 18. f4 Nc5 19. Nb5 Qc6 20. c3 Ne4 21. Rc1 Na6 22. Nd4 Qb6 23. Bb5 Nc7 24. Nb3 Qxb5 25. axb5 Nxb5 26. Nd4 Nc7 27. h4 1-0

[Event "13. Festival Ciudad de Lorca 2024 - A"]
[White "Cabrera, Alexis"]
[Black "Piccoli, Lucas Fonseca"]
[Site "Lorca ESP"]
[Round "5.4"]
[Result "1-0"]
[Date "2024.12.28"]
[WhiteElo "2410"]
[BlackElo "2270"]
[PlyCount "97"]
[GameId "2129355418210778"]
[EventDate "2024.12.26"]
[EventCountry "ESP"]
[SourceTitle "Ajedrez en Madrid"]
[Source "lmi"]
[SourceDate "2024.12.26"]
[SourceVersion "1"]
[SourceVersionDate "2025.01.11"]
[SourceQuality "1"]

1. e4 c5 2. Nf3 Nc6 3. d4 cxd4 4. Nxd4 Nf6 5. Nc3 e5 6. Ndb5 d6 7. Bg5 a6 8. Na3 b5 9. Nab1 Ne7 10. Nd2 d5 11. exd5 Nexd5 12. Nde4 Nxc3 13. Qxd8+ Kxd8 14. Nxc3 Bb7 15. O-O-O+ Kc7 16. Bxf6 gxf6 17. Nd5+ Bxd5 18. Rxd5 Kc6 19. Rd1 e4 20. g3 h5 21. Bg2 Re8 22. Rhe1 f5 23. f3 f4 24. fxe4 fxg3 25. hxg3 Rg8 26. Rd3 Bh6+ 27. Kb1 h4 28. Rh1 Bg5 29. Bh3 Rd8 30. Rc3+ Kb6 31. gxh4 Bxh4 32. a3 Rd4 33. Bf5 Be7 34. Rh7 b4 35. axb4 Rxb4 36. Rd3 Ra4 37. Rd1 Rf8 38. Rd7 Rg8 39. c3 Rg1+ 40. Kc2 Bg5 41. Rhxf7 Raa1 42. Rd6+ Kc5 43. e5 Rg2+ 44. Kb3 Bd8 45. Rxd8 a5 46. Rc7+ Kb6 47. Rc4 a4+ 48. Rxa4 Re1 49. Rd6+ 1-0

[Event "13. Festival Ciudad de Lorca 2024 - A"]
[White "Khamrakulov, Ibragim S."]
[Black "Vingris, Mikelis"]
[Site "Lorca ESP"]
[Round "5.5"]
[Result "1-0"]
[Date "2024.12.28"]
[WhiteElo "2388"]
[BlackElo "2147"]
[PlyCount "108"]
[GameId "2129355601109483"]
[EventDate "2024.12.26"]
[EventCountry "ESP"]
[SourceTitle "Ajedrez en Madrid"]
[Source "lmi"]
[SourceDate "2024.12.26"]
[SourceVersion "1"]
[SourceVersionDate "2025.01.11"]
[SourceQuality "1"]

1. e4 c5 2. c3 d5 3. exd5 Nf6 4. Bb5+ Nbd7 5. d4 a6 6. Be2 Nxd5 7. c4 N5f6 8. dxc5 e6 9. c6 bxc6 10. Nf3 Be7 11. O-O c5 12. Bf4 O-O 13. Nc3 Bb7 14. Qc2 Qb6 15. Ne5 Nxe5 16. Bxe5 Bc6 17. Bd3 h6 18. Ne4 Nxe4 19. Bxe4 Rad8 20. f4 Rd7 21. f5 Bxe4 22. Qxe4 exf5 23. Rxf5 Qe6 24. Re1 Rfd8 25. Bc3 Qxe4 26. Rxe4 f6 27. Re6 Bd6 28. Ba5 Bc7 29. Bc3 Rd1+ 30. Kf2 Bxh2 31. Rxa6 Rc1 32. Re6 Rc2+ 33. Re2 Rc1 34. Rd5 Rxd5 35. cxd5 Kf7 36. Kf3 Bd6 37. Re6 Be7 38. Re1 Rxe1 39. Bxe1 Bd6 40. a4 Ke7 41. a5 Bc7 42. a6 Bb6 43. Ke4 g6 44. g4 Ba7 45. Bd2 h5 46. gxh5 gxh5 47. Be1 Kd7 48. Bh4 Ke7 49. b3 Bb6 50. Bf2 Kd6 51. b4 f5+ 52. Kxf5 Kxd5 53. Bxc5 Kc6 54. a7 Kd5 1-0